Návrh technológie na výrobu roztoku chlórdioxidu

Salvato in:
Dettagli Bibliografici
Autore principale: Zajacová, Klaudia (Autore)
Altri autori: Timár, Pavel (Relatore della tesi)
Natura: Manoscritto Libro
Lingua:slovacco
Pubblicazione: 2024
Soggetti:
Accesso online:http://is.stuba.sk/zp/portal_zp.pl?podrobnosti=168783
Tags: Aggiungi Tag
Nessun Tag, puoi essere il primo ad aggiungerne!!

MARC

LEADER 00000ntm a22000003a 4500
001 stuzp99377
003 SK-STU
005 20240622210915.3
007 ta
008 150427s2015----xo-----f-mn---000-0-slo-d
040 |a STU  |b slo 
041 0 |a slo 
100 1 |a Zajacová, Klaudia  |u 046230  |4 aut  |U FCHPT Ústav chemického a environmentálneho inžinierstva  |T FCHPT Oddelenie chemického a biochemického inžinierstva  |X 116043  |U C6230  |Y 119  |7 116043 
242 0 1 |a Design of technology for production of chlorine dioxide solution  |y eng 
245 1 0 |a Návrh technológie na výrobu roztoku chlórdioxidu 
260 |c 2024 
650 4 |a absorpčná kolóna  |2 slo 
650 4 |a reaktor  |2 slo 
650 4 |a chlórdioxid  |2 slo 
650 4 |a chlorine dioxide  |2 eng 
650 4 |a absorption column  |2 eng 
650 4 |a reactor  |2 eng 
700 1 |a Timár, Pavel  |u 046230  |k Z1  |4 ths  |U FCHPT Ústav chemického a environmentálneho inžinierstva  |T FCHPT Oddelenie chemického a biochemického inžinierstva  |X 1772  |U C6230  |Y 119  |7 A000001772 
856 4 |u http://is.stuba.sk/zp/portal_zp.pl?podrobnosti=168783